MDQL
is popping MORE tags! Check the
thread
!
Quizzes
Events
Quiz Creation
Community
Videos
Private Events
Remove Ads
Sign In
Join for FREE
Feedback
Dark Mode
Quiz Categories
Sports
Geography
Music
Movies
Television
Just For Fun
Miscellaneous
History
Literature
Language
Science
Gaming
Entertainment
Religion
Holiday
For Kids
Quiz Lab
Recent
Popular Today
Quiz Kudos Today
Editor Picks
Curator Picks
Quizzes by...
Day
Popularity
Type
Ratings
Length
Year
Community
Subscriptions
Recent Discussions
Orange Saloon
Badges
Playlists
Quests
Create
Leaderboards
Showdown
Live 5
Trivia Bingo
Activity
Puzzle Library
Sporcle Events
Private Events
Virtual Trivia
Globe League
Become a Host
Pub Owners
SporcleCon
Opinionation
Our Games
Videos
Blog
Mobile Apps
Partnerships
Remove Ads and Go Orange
Feedback
Television
TV Characters
TV Show
Sitcom
Network
Friends
Reality Shows
Cast
South Park
Star Trek
The Simpsons
Doctor Who
Television
TV Characters
TV Show
Sitcom
Network
Friends
Reality Shows
Cast
South Park
Star Trek
The Simpsons
Doctor Who
Random Quiz
Search Sporcle
×
Quiz Lab
Quiz Lab
Television
Supernatural
Type in answers that appear in a list
Type in answers that appear in a list
Classic
Best Score? Go Orange.
Supernatural Trivia Extraordinaire Stats
Can you name the Supernatural Trivia Extraordinaire?
By
MinKattMossy
7m
30 Questions
1,820 Plays
1,820 Plays
1,820 Plays
Comments
Comments
Give Quiz Kudos
Give Quiz Kudos
-
- Ratings
hide this ad
Forced Order
Answers have to be entered in order
Answers have to be entered in order
Replay
Link that replays current quiz
Next Quiz
Link to next quiz in quiz playlist
You Got
0%
They Got
Avg Score
62%
Avg Friend Score
Upgrade to see
Score Distribution
Jump to the score distribution portion of the page
Score
0/30
Timer
07:00
0
Plays Today
Questions:
Answers:
% Correct
Who kills Azazel?
Dean Winchester
93%
What is Sam addicted to?
Demon Blood
92.9%
How old is Dean in the pilot?
26
89.7%
What is Meg's last name?
Masters
89.6%
Now, an easy one, who plays Dean Winchester on the show?
Jensen Ackles
86.2%
Castiel?
Misha Collins
84%
Sam Winchester?
Jared Padalecki
83.6%
How many episode are there in season 3?
16
81%
Who makes out with Crowley?
Bobby
77.4%
Bobby Singer?
Jim Beaver
77.1%
Who is the first horseman Sam and Dean encounter?
The Horseman of War
74.9%
In what episode do we first meet a shape-
shifter?
Skin
72.3%
What show is Dean's guilty pleasure?
Dr. Sexy, M.D.
64.3%
What color is Sam's crazy dog-
shirt in 'Something Wicked'?
Blue
62.5%
What major character is first introduced in 'It's a Terrible Life'?
Zachariah
60.8%
Questions:
Answers:
% Correct
And what character is introduced in that episode?
The Trickster
60.5%
What sort of creature do the boys meet in 'What is and What Should Never Be?
A Djinn
60%
What is the last episode in season 3 called?
No Rest For The Wicked
57.5%
What season features an episode about magicians?
4
55.6%
When is Lisa Braeden introduced?
The Kids Are Alright
53.7%
In what episode does someone drink a Purple Nurple?
Tall Tales
52.6%
In the pilot, Dean puts a Metallica casette in the stereo, but what band really starts playing?
AC/DC
50.3%
Who from the Supernatural cast played a serial rapist in the movie 'Karla'?
Misha Collins
48.2%
In what season 5 episode does Dean finally go along with Sam's plan to end Lucifer?
Swan Song
43%
And the song, please?
Back in Black
40.7%
What is the fifth episode of season 4 called?
Monster Movie
37.4%
What famous band made Dean's favorite songs?
Led Zeppelin
36.6%
After he has been missing since 'Point of no return', where does Cas wake up?
In a Hospital
35.4%
Which Disney Channel show does Dean reference in 'Lucifer Rising'?
The Suite Life of Zach and Cody
30.3%
Which classic horror movie is referenced twice in 'Bloodlust'?
Silence of the Lambs
13.5%
Quiz Playlist
Details
Report
Send in Message
Add To Playlist
Classic:
Type in answers that appear in a list
Forced Order:
Answers have to be entered in order
Last Updated: Feb 16, 2017
Quiz Scoreboard
CHALLENGE
Sign Up to Join the Scoreboard
Show All
Scores
Hide
Comments
May contain spoilers
Recently Published
1-10 Letter E Words III
by El_Dandy
Language
2m
Street Fighter Characters
by Artimus82
Gaming
60s
College Basketball Coaching Resumes
by pancakes188
Sports
9m
More to Explore
Quiz From the Vault
Featured Blog Post
Where Did the Easter Bunny Come From?
hide this ad
You Might Also Like...
Tags
Supernatural
Today's Top Quizzes in Television
Browse Television
hide this ad
Today's Top Quizzes in Supernatural
Browse Supernatural
Top Contributed Quizzes in Television
1
Survivor Journey Challenge
2
Adjectives in 80s TV Shows
3
5-to-1: The Simpsons Families
4
Adjectives in 00s TV Shows
5
5-to-1: Television Doctors
6
Adjectives in 10s TV Shows
7
7-to-1: TV Show Settings
8
5-to-1: Streaming Originals
9
Adjectives in 70s TV Shows
10
Survivor Seasons
Explore More
Trending Topics
Kpop
Crossword
Disney
Anime
NBA
Marvel
Harry Potter
Country
Pokémon
Puzzle
The Office
Song
Soccer
NFL
WWE
hide this ad
More By:
MinKattMossy
Quiz
Plays
Rating
Category
Featured
Created
Supernatural Trivia Extraordinaire
1,820
3.17
Television
Apr 7, 2011
Books with bisexual main characters
16
Literature
Jan 15, 2019
Go to Creator's Profile
Score Distribution
Quiz Creator Spotlight
MinKattMossy
Follow
Send a Message
Quizzes Created
-
Created Quiz Play Count
-
More By This Creator
Popular Quizzes Today
1
Find the US States - No Outlines Minefield
2
Find the Countries of Europe - No Outlines Minefield
3
The Countries of the World
4
Find the US States
5
Risky Map Clicking: Biggest States A-Z
6
US States
7
Popular People in 1961
8
Movies - When Are They Set?
More Television Quizzes
'C' TV Shows by Picture
Published
Trending Quizzes
Risky Map Clicking: Least Populous States A-Z
Billboard Blitz: Aretha Franklin
1-10 Letter G Words
Countries of the World: 200 Million BC
1-10 Letter F Words
Recently Updated
Leaping Animals
pecheneg
Reality TV Shows (A-Z)
bhenderson79
Rickey Henderson's Hall of Fame Teammates
pecheneg
Champions League XIs: Arsenal
pecheneg
Quick Pick: Celebrities in WWE's Hall of Fame
aduchscher
A-Z Keypad Blitz II
pecheneg
Multiple Oscar Actors
pecheneg
Mystery Phrase Blitz: Oscar 'Best Actors'
pecheneg
F. Scott Fitzgerald Novels
LTH
Pick 3 Villains
ddd62291
Trending Topics
Anime
Crossword
Marvel
Harry Potter
Disney
Kpop
NBA
Song
Pokémon
Country
Puzzle
NFL
Soccer
WWE
The Office
Your Account Isn't Verified!
In order to create a playlist on Sporcle, you need to verify the email address you used during registration. Go to your
Sporcle Settings
to finish the process.
Report this User
Report this user for behavior that violates our
Community Guidelines
.
Details:
Send Report
Go to the Sporcle.com Mobile Site →
Comments